000 00165nam a22000857a 4500
082 _a823
100 _aSINGH, AMRITA
245 _aKING THUTMOSE & THE SPHINX
942 _cBK
999 _c8084
_d8084